000 00814nam a2200217Ii 4500
003 JO-AjNU
008 230605s9999||||xx |||||||||||||| ||und||
017 _a2001/14870
020 _a977-01-7518-8
040 _aJO-AjNU
_bara
_erda
_cJO-AjNU
041 _aara
050 1 4 _aPJ7561.B3 2001
100 3 _aسيندر،ستيفن تأليف/بدوي،محمد مصطفى ترجمة/عناني،محمد,
_eauthor
_910586
245 0 0 _aالحياة والشاعر
264 3 1 _aالقاهرة:الهيئة المصرية العامة للكتاب،2001/ القاهرة:مهرجان القراءة للجميع مكتبة الأسرة
300 _a163ص
336 _atext
_btxt
_2rdacontent
337 _aunmediated
_bn
_2rdamedia
338 _avolume
_bnc
_2rdacarrier
650 4 _aالشعر-الحياة
_910587
999 _aA1881
_c5449
_d5449